Statistics for Zoology Quiz #1

Click here to take the quiz!

General Stats

  • This quiz has been taken 149 times
  • The average score is 9 of 14

Answer Stats

HintAnswer% Correct
The scientific names of each animal is mostly written in this languageLatin
95%
Scientific name of a humanHomo sapien
93%
Spiders have eight of this, while only most insects have six of thisLeg
93%
Many people make the same mistake of believing that spiders are insects, but they are actuallyArachnid
82%
A type of mammal that carries their young in a pouch; like kangaroos and wombats for example.Marsupial
76%
Animals like humans, fish, and worms are eukaryotes, meaning they have a ______ in their cells.Nucleus
71%
There are supposedly 10-100 quadrillion of this insectAnt
68%
In animal classification, dogs are not a genus or a species, but a __________ of wolves.Subspecies
63%
An unborn offspring currently in development after fertilizationEmbryo
62%
Squids and Octopuses are also closely related to this animal who also belongs in the same classCuttlefish
59%
Name for an animal with both male and female reproductive organsHermaphrodite
58%
The process of replacing missing cells, tissues, or even full body parts; A lizard regrowing its tail is an example.Regeneration
52%
Largest animal phylum in terms of the most speciesArthropod
46%
Swedish botanist that is called "the father of modern taxonomy"Carl Linnaeus
28%

Score Distribution

Percentile by Number Answered

Percent of People with Each Score

Your Score History

You have not taken this quiz